Jeux-vidéos par images en jeux - Statistiques

Statistiques générales
  • Ce quiz a été pris 20 690 fois
  • Le résultat moyen est 14 sur 16
Statistiques - réponses
Par images Réponse % Correct
Mario Kart
100%
Grand Theft Auto
96%
FIFA
95%
Fortnite
94%
Minecraft
94%
Rocket League
94%
League of Legends
92%
Tetris
92%
Pokémon
91%
Assassin's Creed
90%
Animal Crossing
89%
Call of Duty
89%
Valorant
87%
Counter Strike
79%
PUBG
77%
World of Warcraft
61%
Aucun quiz correspondant
Distribution des résultats
% des personnes avec chaque résultat
Percentile par nombre de réponses
Votre historique - résultats
Vous n’avez pas pris ce quiz